000 00602cab a2200205 4500
001 WB2323-19
008 090401t1987 xxu||||| |||| 00| 0 eng d
035 _a(Sirsi) u12943
041 _aeng
245 _aMineral workings in national parks
260 _c1987
350 _a0
490 _aHansard
_vWritten Answers 9/6/87 col 393-394
520 _aBrief statement from the Minister of State, DoE, on policy with regard to the extraction of minerals in national parks.
650 _aPEAK DISTRICT
650 _aQUARRYING
690 _aMINING AND MINERALS
942 _n0
948 _c04/03/1997
999 _c8312
_d8312